Propósitos y contenidos de la Educación primaria: materiales de apoyo para el estudio. Licenciatura en Educación Primaria, primer semestre
Сохранить в:
| Соавтор: | |
|---|---|
| Формат: | |
| Язык: | испанский |
| Опубликовано: |
Ciudad de México
SEP
1997
|
| Редактирование: | 1a. ed |
| Предметы: | |
| Метки: |
Добавить метку
Нет меток, Требуется 1-ая метка записи!
|
MARC
| LEADER | 00000nam a2200000 a 4500 | ||
|---|---|---|---|
| 001 | UCJ9371 | ||
| 003 | CL-VaPUC | ||
| 008 | 070316e19970000MX |||||||||||||||||spa|d | ||
| 020 | |a 9701804465 | ||
| 082 | 0 | 4 | |a 372.19 |b SEC |2 21 |
| 110 | 2 | |a Secretaría de Educación Pública |e author |9 519344 | |
| 245 | 1 | 0 | |a Propósitos y contenidos de la Educación primaria: materiales de apoyo para el estudio. Licenciatura en Educación Primaria, primer semestre |
| 246 | 1 | 0 | |a Programa para la transformación y el fortalecimiento académicos de las escuelas normales |
| 250 | |a 1a. ed | ||
| 300 | |a 119 p | ||
| 942 | |c BK | ||
| 945 | |d 20070316 00:00:00 |a cmena | ||
| 260 | |a Ciudad de México |b SEP |c 1997 | ||
| 650 | 0 | |a Educación básica |9 224933 | |
| 650 | 0 | |a Planificación del currículo |9 269599 | |
| 650 | 0 | |a Métodos de enseñanza |9 270413 | |
| 650 | 0 | |a Libros de texto |9 270019 | |
| 650 | 0 | |a Reforma educacional |9 256319 | |
| 650 | 0 | |a Formación profesional de profesores |9 307493 | |
| 583 | |a last modification |c 20070316 00:00:00 |k Rodrigo Vera | ||
| 999 | |c 324901 |d 324899 | ||
| 952 | |0 0 |1 0 |4 0 |6 372_190000000000000_SEC_1997 |7 0 |8 A |9 405287 |a BIBEDU |b BIBEDU |d 2019-11-22 |i 4324048 |o 372.19 SEC 1997 |p 4324048 |r 2019-11-22 |w 2019-11-22 |y BK |k EBA | ||